Electric Chapel - Lady Gaga (Lyrics) - Statistics

General Stats
  • This quiz has been taken 5 times
  • The average score is 176 of 283
Answer Stats
Answer % Correct
a
100%
at
100%
chapel
100%
electric
100%
me
100%
me,
100%
Meet
100%
meet
100%
"My
100%
My
100%
my
100%
body
75%
Come
75%
Doo
75%
doo
75%
I
75%
If
75%
if
75%
is
75%
it
75%
sanctuary
75%
wanna
75%
You
75%
you
75%
about
50%
away
50%
baby
50%
bad
50%
be
50%
blood
50%
champagne
50%
cool
50%
Don't
50%
Follow
50%
fool
50%
for
50%
from
50%
heart
50%
Ho
50%
ho
50%
holy
50%
in
50%
In
50%
It's
50%
need
50%
not
50%
or
50%
pure
50%
sex
50%
something
50%
steal
50%
such
50%
the
50%
think
50%
want
50%
your
50%
you're
50%
bar
25%
been
25%
But
25%
dirty
25%
find
25%
have
25%
I'm
25%
Love
25%
make
25%
more
25%
Next
25%
oh
25%
oh,
25%
Oh,
25%
Oh
25%
oh"
25%
on
25%
place
25%
Pray
25%
Right
25%
sacred
25%
safe
25%
sins
25%
sure
25%
to
25%
To
25%
way
25%
we'll
25%
where
25%
ball
0%
both
0%
dance
0%
disco
0%
glass
0%
Together
0%
Uh
0%
uh
0%
under
0%
working
0%
No matching quizzes found
Score Distribution
Percent of People with Each Score
Percentile by Number Answered
Your Score History
You have not taken this quiz